LEADER 01165nam2 2200301 450 001 000020690 005 20081218090459.0 010 $a88-464-0574-9 100 $a20081218d1998----km-y0itay50------ba 101 0 $aita 102 $aIT 105 $ay-------001yy 200 1 $aTerzo rapporto sulle migrazioni$e1997$fFondazione Cariplo per le iniziative e lo studio sulla multietnicità 210 $aMilano$cFranco Angeli$d1998 215 $a254 p.$d23 cm 461 0$1001000020686$12001$aRapporto sulle migrazioni 500 10$aTerzo rapporto sulle migrazioni$947650 610 1 $aEuropa$aImmigrazione 610 1 $aAsia$aEmigrazione e immigrazione 610 1 $aEmigrazione e immigrazione$aAspetti sociali 610 1 $aItalia$aImmigrazione$aSec. 20. 676 $a304.82$v20$9Fattori influenzanti il comportamento sociale. Movimento della popolazione. Movimento internazionale 710 02$aFondazione Cariplo per le iniziative e lo studio sulla multietnicità$0285371 801 0$aIT$bUNIPARTHENOPE$c20081218$gRICA$2UNIMARC 912 $a000020690 951 $a823/10$b8577$cNAVA2 996 $aTerzo rapporto sulle migrazioni$947650 997 $aUNIPARTHENOPE